000 01236cam a22002771i 4500
003 SA-RiAUC
005 20251106090512.0
008 251028s1991 su g 000 0 ara c
040 _aSA-MAUQU
_bara
_cSA-RiAUC
_erda
082 0 4 _a269
_qSA-RiAUC
090 _a269
_bا ف ر
100 1 _aالإفريقي، عبد الرحمن بن يوسف،
_d1326 هجري-
_eمؤلف.
245 1 2 _aالأنوار الرحمانية لهداية الفرقة التيجانية /‏
_cعبد الرحمن بن يوسف الإفريقي ؛ راجعه أحمد فهمي أحمد.
250 _aالطبعة الثانية.
264 1 _a[مكان النشر غير محدد] :
_b[الناشر غير محدد]،
_c1991
264 3 _aالمدينة المنورة :
_bمطبعة السنة المحمدية
300 _a31 صفحة ؛‏
_c24 سم.
336 _aنص
_btxt
_2rdacontent
_3كتاب
337 _aبدون وسيط
_bn
_2rdamedia
338 _aمجلد
_bnc
_2rdacarrier
490 0 _aإصدارات مركز شؤون الدعوة ؛
_v20
650 7 _aالتجانية (طرق صوفية)
_2aucsh
700 1 _aأحمد، أحمد فهمي
_eمراجع.
942 _2ddc
_cBOOK
_n0
949 _aSA-JeALM
_d251028
_umohamedma123
_n1
999 _c13061
_d13061